Southville International School and Colleges
Your cart is empty.
  • Cart
  • Lists
    Public lists Eva Luna New books Lux_list list_1
    Your lists Log in to create your own lists
  • Log in to your account
  • Your cookies
  • Search history
Southville International School and Colleges
  • Advanced search
  • Recent comments
  • Most popular
  • Libraries

Log in to your account

Log in with GOOGLE


If you do not have an external account, but do have a local account, you can still log in:

  1. Home
  2. MARC view: Benigno Aquino /
Normal view MARC view ISBD view

Benigno Aquino / (Record no. 292330)

[ view plain ]
MARC details
000 -LEADER
fixed length control field 00641nam a2200241Ia 4500
008 - FIXED-LENGTH DATA ELEMENTS--GENERAL INFORMATION
fixed length control field 160319s9999 xx 000 0 und d
020 ## - INTERNATIONAL STANDARD BOOK NUMBER
International Standard Book Number 9716300484
050 ## - LIBRARY OF CONGRESS CALL NUMBER
Classification number Fil 324.2092
050 ## - LIBRARY OF CONGRESS CALL NUMBER
Item number V468b 1995
100 ## - MAIN ENTRY--PERSONAL NAME
Personal name Ventura, Sylvia Mendez
245 ## - TITLE STATEMENT
Title Benigno Aquino /
245 ## - TITLE STATEMENT
Statement of responsibility, etc Sylvia Mendez Mendoza.
260 ## - PUBLICATION, DISTRIBUTION, ETC. (IMPRINT)
Place of publication, distribution, etc Manila :
260 ## - PUBLICATION, DISTRIBUTION, ETC. (IMPRINT)
Name of publisher, distributor, etc Tahanan Books for Young Readers
260 ## - PUBLICATION, DISTRIBUTION, ETC. (IMPRINT)
Date of publication, distribution, etc 1995
300 ## - PHYSICAL DESCRIPTION
Extent 31 Pages :
300 ## - PHYSICAL DESCRIPTION
Other physical details illustrations ;
300 ## - PHYSICAL DESCRIPTION
Dimensions 25 cm.
440 ## - SERIES STATEMENT/ADDED ENTRY--TITLE
Title Great lives.
500 ## - GENERAL NOTE
General note Includes bibliographical reference.
650 ## - SUBJECT ADDED ENTRY--TOPICAL TERM
Topical term or geographic name as entry element Politicians -- Philippines --
650 ## - SUBJECT ADDED ENTRY--TOPICAL TERM
General subdivision Biography.
Holdings
Withdrawn status Lost status Damaged status Home library Current library Shelving location Date acquired Total Checkouts Full call number Barcode Date last seen Price effective from Koha item type
      Stonyhurst Southville International School (Batangas) Stonyhurst Southville International School (Batangas) Filipiniana Section 03/19/2016   Fil 324.2092 V468b 1995 LS 4204 03/19/2016 03/19/2016 Books

Benigno Aquino /

APA

Ventura S. M., .Benigno Aquino. Manila: .

Chicago

Ventura Sylvia Mendez, .Benigno Aquino. Manila: .

Harvard

Ventura S. M., .Benigno Aquino. Manila: .

MLA

Ventura Sylvia Mendez, .Manila: . .

  • Place hold
  • Print
  • Cite
  • Add to your cart (remove)
  • Save record
    BIBTEX Dublin Core MARCXML MARC (non-Unicode/MARC-8) MARC (Unicode/UTF-8) MARC (Unicode/UTF-8, Standard) MODS (XML) RIS
  • More searches
    Search for this title in:
    Other Libraries (WorldCat) Other Databases (Google Scholar) Online Stores (Bookfinder.com) Open Library (openlibrary.org)

Exporting to Dublin Core...

SOUTHVILLE LIBRARY

Southville International School and Colleges Library

1281 Tropical Ave. Cor. Luxembourg St., BF Homes International, Las Pinas City

Tel. No. 8256374 / 252358 Loc. 117/146

Powered by Koha